1529 1442 1793 1138 1429 1488 1038 1454 1625 1727 1304 1660 1918 1909 1011 1739 1971 1284 1854 1063 1176 1961 1418 1456 1873 1251 1913 1688 1965 1531 1928 1515 1451 1661 1221 1587 1275 1612 1963 1736 1250 1011 1898 1994 1296 1838 1795 1121 1151 1550 1506 1771 1685 1475 1449 1483 1198 1863 1193 1958 1380 1713 1147 1420 1616 1673 1107 1904 1826 1440 1590 1975 1417 1884 1694 1100 1635 1249 1647 1081 1640 1385 1197 1539 1669 1298 1902 1046 1110 1930 1770 1879 1842 1187 1797 1752 1023 1182 1426 BCNSPRNW ULIB Ver.6.0+V

เปลี่ยนเป็นภาษาไทย

Change to English
 แสดงรายละเอียดบรรณานุกรม
  กลับหน้าหลัก

Brief Record : Get Marc (ISO 2709) : E-mail record : QR code < ปิดหน้าต่าง
LEADER : 00000nam 2200000uu 4500
001    13399108921
003     ULIB
008    110316s2544||||th 000 0 tha d
020    9748216122
060 04 WQ100^bช29ส 2544
245 00 สูติศาสตร์พื้นฐาน /^cธวัช เจตน์สว่างศรี, บรรรณาธิการ
250    พิมพ์ครั้งที่ 2
260    กรุงเทพฯ :^bหมอชาวบ้าน,^c2544
300    214 หน้า :^bภาพประกอบ ;^c27 ซม.
650  2 Obstetrics
650  7 สูติศาสตร์
700 0  ธวัช เจตน์สว่างศรี,^eบรรณาธิการ
945    ^p170^l0^i013851
945    ^p170^l0^i013850
995    ทศพร
999 ^a ใช้งานได้ทุกระบบ
รายการนี้ยังไม่มีแท็ก
คุณยังไม่ได้ล็อกอิน คุณสามารถมีกิจกรรมร่วมกับเว็บไซต์ได้ แต่ต้องล็อกอินก่อน ::
  ล็อกอิน

รายการสื่อสารสนเทศ

ลำดับที่ ประเภท เลขเรียก/บาร์โค้ด สถานที่ สถานะ
- ไม่พบข้อมูล -

รายการใกล้เคียง
    หัวเรื่อง [Obstetrics]
    หัวเรื่อง [สูติศาสตร์]

BibComment


ยังไม่เคยถูกคอมเมนท์

คอมเมนท์ทรัพยากรรายการนี้
  คอมเมนท์: สูติศาสตร์พื้นฐาน..


 Copyright 2026. Bcnsprnw @Library